| 000 | 00797cab a2200193 4500 | ||
|---|---|---|---|
| 001 | L135845 | ||
| 008 | 061213n2006 000 0 eng u | ||
| 035 | _a(Sirsi) u135845 | ||
| 041 | 0 | _aeng | |
| 100 | 1 | _aWhitmore, James | |
| 245 | 0 | 4 | _aThe REITs of San Francisco |
| 260 | _c2006 | ||
| 490 | 0 |
_aProperty Week _v71(44) 24 November 2006, 38-41(4) |
|
| 520 | _aDiscusses how the US REITs industry with a 46 year history could provide an indication of how the UK REITs market will develop. US REITs are on their way to outperforming the wider US stock market for their seventh consecutive year. Includes table of US REIT takeover activity in 2006. | ||
| 590 | _aKA | ||
| 651 | 4 | _aUNITED STATES | |
| 690 | _aPROPERTY-PROPERTY FINANCE AND INVESTMENT-REAL ESTATE INVESTMENT TRUSTS | ||
| 942 | _n0 | ||
| 999 |
_c78036 _d78036 |
||